000 02166nam a2200577 i 4500
001 32801
003 KOSZ 005
005 20211203113632.0
008 980627s1997 pl a f f |000 0 pol
015 _aUWD 1998/8085
020 _a8385031707
035 _a991003745659705066
035 _a(PL-WaBN)b10999978-48omnis_nlop
035 _ab10999978
035 _a(OCoLC)749585875
035 _a(PL)b0000001099997
035 _a(EXLNZ-48OMNIS_NETWORK)9910298398105606
040 _aWA N
_cWA N
_dKOSZ 005/HR
046 _k1997
080 _a621.82/.85
080 _a621.01
080 _a(075.8)
245 0 0 _aPodstawy konstrukcji maszyn :
_błożyska, sprzęgła i hamulce, przekładnie mechaniczne : przykłady obliczeń : praca zbiorowa /
_cpod red. Eugeniusza Mazanka ; [aut. Andrzej Dziurski et al.] ; Politechnika Częstochowska.
260 _aCzęstochowa :
_bWydaw. PC,
_c1997.
300 _a359, [1] s. :
_brys., wykr. ;
_c24 cm.
336 _aTekst
_btxt
_2rdacontent
337 _aBez urządzenia pośredniczącego
_bn
_2rdamedia
338 _aWolumin
_bnc
_2rdacarrier
380 _aKsiążki
380 _aPublikacje dydaktyczne
385 _mPoziom nauczania
_aSzkoły wyższe
388 _a1901-2000
388 _a1989-2000
504 _aBibliogr. przy rozdz.
521 _aDla studentów wydz. mechanicznych szkół wyższych oraz dla inżynierów mechaników.
650 7 _aHamulce
_2DBN
650 7 _aŁożyska
_2DBN
650 7 _aPrzekładnie
_2DBN
650 7 _aSprzęgła
_2DBN
650 7 _aBudowa i konstrukcje
655 7 _aPodręczniki akademickie
_2DBN
658 _aInżynieria i technika
650 7 _a Konstrukcja maszyn i urządzeń
700 1 _aDziurski, Andrzej
_eAutor
700 1 _aMazanek, Eugeniusz
_d(1939- )
_eAutor
_eRedakcja
710 2 _aPolitechnika Częstochowska
710 2 _aWydawnictwo Politechniki Częstochowskiej
_4pbl
856 _uhttp://koha.tu.koszalin.pl/cgi-bin/koha/opac-detail.pl?biblionumber=32801
_yKatalog online BPK
942 _2UKD
_cKS
999 _c32801
_d32801